000 00345nam a2200145Ia 4500
008 191201s2011 xx 000 0 und d
082 _a658.15
_bPAF
100 _aPANDEY, I M
245 0 _aFinancial Management
250 _a9th
260 _aN.Delhi
_bVikas Publication House
_c2011
300 _a879
650 _aB.Tech(ME)
942 _2ddc
_cBK
999 _c1996
_d1996